|
|
|
|
| LEADER |
00652nam a22001811a 4500 |
| 020 |
|
|
|a 818693187
|c 0.00
|
| 040 |
|
|
|a SSUS - Library - Kalady
|
| 082 |
|
|
|a 491.29
|b SHA/O
|
| 100 |
|
|
|a Shaktidhar Jha
|
| 245 |
|
|
|a An objetive history of OIA versus Dr. Ramavilasa Sharma's linguistic postulations
|h [Text]
|
| 260 |
|
|
|a Patna
|b Novelty and Company
|c 2010
|
| 300 |
|
|
|a 274p.
|
| 600 |
|
|
|a Indo Aryan Linguistic System
|
| 600 |
|
|
|a Language
|
| 852 |
|
|
|h 491.29
|i SHA/O
|p 065528
|9 109.00
|t 0
|
| 942 |
|
|
|c BK
|
| 999 |
|
|
|c 32042
|d 32042
|
| 952 |
|
|
|0 0
|1 0
|4 0
|6 491_290000000000000_SHA_O
|7 0
|9 46430
|a SSUS
|b SSUS
|d 2015-01-08
|g 109.00
|o 491.29 SHA/O
|p 065528
|r 2015-01-08
|v 0.00
|w 2015-01-08
|y BK
|